Statystyki dla Polacy w Super Lig (liga turecka) w sezonie 2020/21.

Kliknij tutaj aby rozwiązać quiz!

Ogólne statystyki

  • Ten quiz został rozwiązany 24 razy
  • Średni wynik to 4 z 7

Statystyki odpowiedzi

KlubPozycjaOdpowiedź% Poprawnych
MKE AnkaragucuŚrodkowy obrońcaPazdan
100%
MKE AnkaragucuDefensywy pomocnikŁukasik
63%
Fatih KaragumrukŚrodkowy napastnikSobiech
63%
Gaziantep FKPrawy obrońcaOlkowski
58%
Caykur RizesporPrawy napastnikMichalak
50%
GenclerbirligiŚrodkowy pomocnikFurman
38%
DenizlisporŚrodkowy pomocnikMurawski
33%

Rozkład punktacji

Percentyl według liczby udzielonych odpowiedzi

Procent ludzi z każdym wynikiem

Twoja historia wyników

Nie rozwiązałeś tego quizu